| 000 | 00430nam a22001457a 4500 | ||
|---|---|---|---|
| 020 | _a9788129701718 | ||
| 040 | _cNUST | ||
| 082 | _a005.373 AUS | ||
| 100 |
_aAuslander, D.M _9113978 |
||
| 110 |
_aRidgelyt, J.E Ringgenberg. J.D _9113979 |
||
| 245 |
_aControl Software for Mechanical Systems _bObject-Oriented Design in A Real - Time World |
||
| 260 |
_aIndia: _bPearson, _c2002. |
||
| 650 | _2Control Software | ||
| 942 |
_2ddc _cBK |
||
| 999 |
_c595390 _d595390 |
||